Tomochic (Record no. 9415)

MARC details
000 -CABECERA
campo de control de longitud fija 00785nam a2200265 a 4500
001 - NÚMERO DE CONTROL
campo de control BRL_603
005 - FECHA Y HORA DE LA ÚLTIMA TRANSACCIÓN
campo de control 20190320210822.0
008 - DATOS DE LONGITUD FIJA--INFORMACIÓN GENERAL
campo de control de longitud fija 100913s1980----mx-a######---#000-0#spa-#
020 ## - NÚMERO INTERNACIONAL ESTÁNDAR DEL LIBRO
Número Internacional Estándar del Libro 968804256O
041 ## - CÓDIGO DE LENGUA
Código de lengua del texto/banda sonora o título independiente spa
044 ## - CÓDIGO DEL PAÍS DE LA ENTIDAD EDITORA/PRODUCTORA
Código MARC del país mx
050 #4 - SIGNATURA TOPOGRÁFICA DE LA BIBLIOTECA DEL CONGRESO
Número de clasificación PQ7297
Número de documento/Ítem .F63 1980
100 1# - ENTRADA PRINCIPAL--NOMBRE DE PERSONA
Nombre de persona Frías, Heriberto
Fechas asociadas al nombre 1870-1925
9 (RLIN) 24408
245 10 - MENCIÓN DE TÍTULO
Título Tomochic
Mención de responsabilidad, etc. Heriberto Frías ; il. María Luisa Martínez.
260 ## - PUBLICACIÓN, DISTRIBUCIÓN, ETC.
Lugar de publicación, distribución, etc. México
Nombre del editor, distribuidor, etc. SEP, Pomexa México
Fecha de publicación, distribución, etc. 1980
300 ## - DESCRIPCIÓN FÍSICA
Extensión 124 p.
Otras características físicas il.
Dimensiones 19 cm.
440 #0 - MENCIÓN DE SERIE/PUNTO DE ACCESO ADICIONAL--TÍTULO
Título Bibliotecas de clásicos mexicanos
9 (RLIN) 24409
500 ## - NOTA GENERAL
Nota general Au701
500 ## - NOTA GENERAL
Nota general Incluye un Apémdice histórico.
504 ## - NOTA DE BIBLIOGRAFÍA, ETC.
Nota de bibliografía, etc. Bibliografía: p. 119
650 14 - PUNTO DE ACCESO ADICIONAL DE MATERIA--TÉRMINO DE MATERIA
Término de materia o nombre geográfico como elemento de entrada Novela historica mexicana
Subdivisión general Novela
9 (RLIN) 24410
700 1# - PUNTO DE ACCESO ADICIONAL--NOMBRE DE PERSONA
Nombre de persona Martínez, María Luisa
Término indicativo de función/relación il
9 (RLIN) 24411
902 ## - CATALOGADOR
Iniciales GRL
942 ## - ELEMENTOS DE PUNTO DE ACCESO ADICIONAL (KOHA)
Fuente del sistema de clasificación o colocación Library of Congress Classification
Tipo de ítem Koha Libros
Holdings
Estado de retiro Estado de pérdida Estado dañado No para préstamo Localización permanente Ubicación/localización actual Fecha de adquisición Número de inventario Total de préstamos Signatura topográfica completa Código de barras Fecha visto por última vez Precio válido a partir de Tipo de ítem Koha
El ejemplar forma parte de la colección y puede ser consultado según las políticas vigentes.       Biblioteca Centro de Estudios Ruth D. Lechuga Biblioteca Centro de Estudios Ruth D. Lechuga 10/09/2013 Au701   PQ7297 .F63 1980 (Au701) GRL00661 22/03/2019 22/03/2019 Libros